[Event "It"]
[Site "Bajmok YUG"]
[Date "2001.02.04"]
[Round "10"]
[White "Tokovic,S"]
[Black "Rajkovic,Du"]
[Result "0-1"]
[WhiteElo "2318"]
[BlackElo "2491"]

1.e4 c5 2.Nf3 e6 3.d4 cxd4 4.Nxd4 Nc6 5.Nc3 Qc7 6.Be2 a6 7.O-O Nf6 8.Be3 Be7
9.f4 d6 10.a4 O-O 11.Nb3 b6 12.Bf3 Rb8 13.Qe2 Na5 14.Nd2 Re8 15.g4 Bb7 16.g5 Nd7
17.Bg2 Bf8 18.h4 Rbc8 19.Rad1 g6 20.h5 Bg7 21.hxg6 hxg6 22.Qf2 Bc6 23.f5 exf5
24.exf5 Bxg2 25.fxg6 Ne5 26.gxf7+ Nxf7 27.g6 Bxf1 28.Bxb6 Ng5 29.Bxc7 Nh3+
30.Kxf1 Nxf2 31.Bxa5 Bxc3  0-1

[Event "TCh-FRA"]
[Site "Bordeaux FRA"]
[Date "2001.02.04"]
[Round "3"]
[White "Godard,M"]
[Black "Pira,D"]
[Result "1/2-1/2"]
[WhiteElo "2377"]
[BlackElo "2449"]

1.e4 c5 2.Nf3 Nc6 3.Nc3 e6 4.d4 cxd4 5.Nxd4 Qc7 6.Be3 Nf6 7.Bd3 b6 8.O-O Bb7
9.Kh1 Nxd4 10.Bxd4 e5 11.Be3 Bb4 12.f4 Bxc3 13.bxc3 d6 14.Qe1 Ng4 15.Bd2 exf4
16.Rxf4 Ne5 17.Qg3 O-O 18.Raf1 Rae8 19.Rf5 Re6 20.Rg5 Rg6 21.Rf4 Qe7 22.Rf1 h6
23.Rxg6 fxg6 24.Rxf8+ Qxf8 25.h3 g5 26.Be3 Bc6 27.Kg1 Qf7 28.Bd4 Qf4 29.Qf2 Bd7
30.Be3 Qf6 31.Bd4 Kh7 32.Kf1 Bc6 33.Kg1 Bd7 34.Kf1 Qg6 35.Qf3 Qe6 36.Kg1 Kg8
37.a3 Bc6 38.Qf2 Bd7 39.Qe2 Kh7 40.Qf2 Qa2 41.Qf8 Qxa3 42.Bf1 Qc1 43.Qxd6 Nf3+
44.gxf3 Bxh3 45.Qg3 Qxf1+ 46.Kh2 Bc8 47.Qe5 Qh3+ 48.Kg1 Qd7 49.c4 Qf7 50.c3 a5
51.c5 b5 52.c6 a4 53.Kg2 a3 54.Qxb5 g4 55.fxg4 Bxg4 56.Qe5 Qg6 57.Kf2 Bh3
58.c4 a2 59.c7 Bc8 60.Ke1 h5 61.Kd2 h4 62.Kc2 h3 63.Kb3 Qh6 64.Qh2 Qc1 65.Qe5 Qh6
66.Qh2 Qe6 67.Qxa2 Qxe4 68.Qf2 Be6 69.Kc3 Qg4 70.Qh2 Qf3+ 71.Kc2 Bd7 72.Be5 g5
73.Qg3 Qf5+ 74.Qd3 Kg6 75.Qxf5+ Kxf5 76.Bd6 Ke4 77.Kd2  1/2-1/2

[Event "9th Aosta Valley"]
[Site "Saint Vincent ITA"]
[Date "2001.02.04"]
[Round "2"]
[White "Palac,M"]
[Black "Borgo,G"]
[Result "0-1"]
[WhiteElo "2580"]
[BlackElo "2403"]

1.e4 c5 2.Nf3 Nc6 3.d4 cxd4 4.Nxd4 e6 5.Nc3 a6 6.Be2 d6 7.Be3 Nf6 8.f4 Bd7
9.a4 Nxd4 10.Qxd4 Bc6 11.O-O Be7 12.b4 O-O 13.b5 Be8 14.e5 Qc7 15.b6 Qc6
16.exd6 Qxd6 17.Bf3 Qxd4 18.Bxd4 Rd8 19.Ne2 Nd5 20.c3 Bc6 21.g3 Rd7 22.Nc1 Rc8
23.Ne2 a5 24.Kf2 Rdd8 25.Rfd1 g6 26.h3 Be8 27.Be4 h5 28.g4 hxg4 29.hxg4 Bc6
30.g5 Bf8 31.Rh1 Bg7 32.Rh4 Nxc3 33.Bxc6 Rxc6 34.Bxg7 Kxg7 35.Ng3 Rd2+ 36.Kf3 Rcd6
37.Kg4 R6d3 38.Rg1 Nd5 39.Rh3 Rf2  0-1

[Event "1st Mario Covas"]
[Site "Santos BRA"]
[Date "2001.02.04"]
[Round "7"]
[White "Benares,R"]
[Black "De Toledo,J"]
[Result "0-1"]
[WhiteElo "2276"]
[BlackElo "2384"]

1.e4 c5 2.Nf3 Nc6 3.d4 cxd4 4.Nxd4 e6 5.Nc3 Qc7 6.Be3 a6 7.Bd3 Nf6 8.h3 b5
9.a3 Bb7 10.O-O Ne5 11.Qe2 Rc8 12.Kh1 Be7 13.f4 Nc4 14.Bc1 h5 15.e5 Ng8 16.Ne4 h4
17.b3 Nb6 18.Bb2 Nh6 19.Rae1 g6 20.Nd6+ Kf8 21.f5 Nxf5 22.N4xf5 gxf5 23.Bxf5 exf5
24.Rxf5 Rh7 25.Nxf7 Qxc2 26.Nd6+ Kg8 27.Nxc8 Qxf5 28.Nxe7+ Rxe7 29.Qe3 Rg7
30.Re2 Qf1+  0-1

[Event "FSGM February"]
[Site "Budapest HUN"]
[Date "2001.02.05"]
[Round "2"]
[White "Szieberth,A"]
[Black "Medvegy,Z"]
[Result "1-0"]
[WhiteElo "2400"]
[BlackElo "2444"]

1.e4 c5 2.Nf3 e6 3.d4 cxd4 4.Nxd4 Nc6 5.Nc3 Qc7 6.Be2 a6 7.O-O Nf6 8.Kh1 Nxd4
9.Qxd4 Bc5 10.Qd2 b5 11.Qg5 O-O 12.e5 Ne8 13.Be3 Bb7 14.Bd3 h6 15.Qg3 Bxe3
16.Qxe3 b4 17.Ne2 Qc6 18.f3 d6 19.a3 a5 20.axb4 axb4 21.Be4 Rxa1 22.Rxa1 Qc8
23.Ra4 dxe5 24.Rxb4 Bxe4 25.Qxe4 Nd6 26.Qxe5 Qxc2 27.Qxd6 Qxe2 28.h3 e5 29.Kh2 f6
30.Qe6+ Kh8 31.Rb7 Qd2 32.Qg4 Qg5 33.Qxg5 hxg5 34.g4 Rd8 35.Kg2 Rd2+ 36.Kf1 Rh2
37.b4 Rxh3 38.Kg2 Rh4 39.b5 e4 40.b6 exf3+ 41.Kxf3 Rh3+ 42.Ke4 Rg3 43.Rd7 Rb3
44.b7 Kh7 45.Kd5 Kh6 46.Kc6 Rc3+ 47.Kd6 Rb3 48.Kc7 Rc3+ 49.Kd8 Rb3 50.Kc8 g6
51.Rd6 Kg7 52.Kc7  1-0

[Event "ch-ROM"]
[Site "Baile Tusnad ROM"]
[Date "2001.02.06"]
[Round "2"]
[White "Lupulescu,C"]
[Black "Manea,A"]
[Result "1-0"]
[WhiteElo "2348"]
[BlackElo "2301"]

1.e4 c5 2.Nf3 e6 3.Nc3 Nc6 4.d4 cxd4 5.Nxd4 Bb4 6.Nb5 Nf6 7.a3 Bxc3+ 8.Nxc3 d5
9.exd5 exd5 10.Bd3 d4 11.Qe2+ Be6 12.Ne4 Nxe4 13.Qxe4 Qd5 14.O-O Qxe4 15.Bxe4 O-O-O
16.Bf4 f6 17.Rad1 Rhe8 18.h4 Bg4 19.Rde1 Bd7 20.Bd3 Be6 21.Re2 a6 22.Rfe1 Kd7
23.f3 b5 24.Rd2 Re7 25.Kf2 Bd5 26.a4 Rxe1 27.Kxe1 bxa4 28.Bxa6 Ra8 29.Bb5 Ra5
30.c4  1-0

[Event "12th Goodricke Open"]
[Site "Calcutta IND"]
[Date "2001.02.07"]
[Round "2"]
[White "Ghaem Maghami,E"]
[Black "Kharlov,A"]
[Result "1-0"]
[WhiteElo "2504"]
[BlackElo "2639"]

1.e4 c5 2.Nf3 Nc6 3.Nc3 e6 4.d4 cxd4 5.Nxd4 Nf6 6.g3 d5 7.Bb5 Bd7 8.exd5 exd5
9.O-O Be7 10.Re1 O-O 11.Be3 Re8 12.Bf1 Bg4 13.Be2 Bh3 14.Bf1 Bxf1 15.Rxf1 Bb4
16.Nce2 Qd7 17.Rc1 Ne5 18.Bf4 Nc4 19.c3 Bc5 20.b3 Ne5 21.Bxe5 Rxe5 22.Qd3 Rae8
23.Rcd1 a6 24.Kg2 Re4 25.Ng1 g6 26.Ngf3 h6 27.Nd2 R4e7 28.N2f3 Qc8 29.Rfe1 Re4
30.Re2 Bb6 31.Rde1 Ba5 32.b4 Bb6 33.Nd2 Rxe2 34.Rxe2 Rxe2 35.Nxe2 Kg7 36.Nd4 h5
37.h3 Qc7 38.N4f3 Qc6 39.c4 dxc4 40.Qxc4 Nd5 41.Qxc6 bxc6 42.Nc4 Ba7 43.a3 c5
44.bxc5 Bxc5 45.Nfe5 Nc3 46.f4 f6 47.Nd3 Be7 48.Kf3 Kf7 49.g4 hxg4+ 50.hxg4 Ke6
51.f5+ gxf5 52.Nf4+ Kd7 53.gxf5 Kc6 54.Ke3 Nd5+ 55.Nxd5 Kxd5 56.Kd3 Bc5 57.a4 Ba7
58.Na5 Bb6 59.Nc4 Bc5 60.Na5 Bf2 61.Nc4 Kc5 62.Nd2 Kb4 63.Ne4 Bh4 64.Kd4 a5
65.Nc3 Kb3 66.Kd3 Bg3 67.Ne4 Be5 68.Nd2+  1-0

[Event "12th Goodricke Open"]
[Site "Calcutta IND"]
[Date "2001.02.08"]
[Round "3"]
[White "Saptarshi,R"]
[Black "Satyapragyan,S"]
[Result "1-0"]
[WhiteElo "2236"]
[BlackElo "2376"]

1.e4 c5 2.Nf3 Nc6 3.d4 cxd4 4.Nxd4 e6 5.Nc3 Qc7 6.Be3 a6 7.Qd2 Nf6 8.f3 Ne5
9.Bd3 b5 10.g4 h6 11.h4 Bb7 12.Qg2 b4 13.Nd1 d5 14.Nf2 dxe4 15.fxe4 Nfd7
16.Nb3 Nc5 17.O-O Nxb3 18.cxb3 Bd6 19.Be2 Ng6 20.Qh3 O-O 21.g5 hxg5 22.hxg5 Bf4
23.Nd3 Bxe3+ 24.Qxe3 Rad8 25.Rf2 Qd6 26.e5 Qd4 27.Qg3 Be4 28.Nf4 Qxe5 29.Re1 Nxf4
30.Rxf4  1-0

[Event "Open"]
[Site "Fajr IRI"]
[Date "2001.02.08"]
[Round "6"]
[White "Mohamadi Zaafrani,H"]
[Black "Noori,A"]
[Result "1-0"]
[WhiteElo "2066"]
[BlackElo "2171"]

1.e4 c5 2.Nf3 e6 3.d4 cxd4 4.Nxd4 Nc6 5.Nc3 Qc7 6.Be2 a6 7.O-O Nf6 8.Kh1 Nxd4
9.Qxd4 Bc5 10.Qd3 b5 11.f4 h5 12.Bf3 Bb7 13.e5 Ng4 14.Bxb7 Qxb7 15.Ne4 Be7
16.b3 Rc8 17.Bb2 Nh6 18.Qf3 Kf8 19.Qe2 Nf5 20.Rf3 h4 21.h3 b4 22.Rd3 Rc7
23.Kh2 g6 24.Nd6 Qc6 25.c4 Rh5 26.Ne4 Kg7 27.Rad1 Rh8 28.Rd6 Qb7 29.R6d3 Rd8
30.Nd6 Qc6 31.Nxf5+ gxf5 32.g3 Rg8 33.g4 fxg4 34.hxg4 Kf8 35.Kh3 Ke8 36.g5 a5
37.Qf3 Qa6 38.R3d2 a4 39.Bd4 Rb7 40.Kxh4 d6 41.exd6 Bd8 42.c5 f6 43.Qh5+ Kf8
44.Bxf6 Bxf6 45.gxf6 Rd7 46.Re2  1-0

[Event "9th Aosta Valley"]
[Site "Saint Vincent ITA"]
[Date "2001.02.08"]
[Round "6"]
[White "Socko,B"]
[Black "Borgo,G"]
[Result "1-0"]
[WhiteElo "2557"]
[BlackElo "2403"]

1.e4 c5 2.Nf3 e6 3.d4 cxd4 4.Nxd4 Nc6 5.Nc3 a6 6.Be3 Qc7 7.Be2 Nf6 8.f4 Bb4
9.Qd3 d5 10.e5 Ne4 11.O-O Bxc3 12.bxc3 Na5 13.Bf3 Bd7 14.Bxe4 dxe4 15.Qxe4 Qxc3
16.Rad1 O-O 17.Bd2 Qc7 18.Bxa5 Qxa5 19.Qxb7 Ba4 20.Qe4 Rac8 21.Kh1 Qc3 22.Rf2 Rc4
23.Rfd2 g6 24.Qe1 Qb4 25.h3 Qc5 26.Qf2 Rc8 27.Kh2 Re8 28.Qh4 Qc7 29.Rd3 Qe7
30.Qf2 Rec8 31.R1d2 Kg7 32.Nb3 Qc7 33.Rd4 Bb5 34.Qh4 Rxd4 35.Nxd4 Bc4 36.a3 Kg8
37.Qg3 Qa5 38.Qe3 Bd5 39.Rd3 Qc5 40.Kg3 a5 41.Kf2 a4 42.g4 Bb7 43.Kg3 Ba6
44.Rd1 Qc3 45.Qxc3 Rxc3+ 46.Kh4 h6 47.g5 h5 48.f5 exf5 49.e6 Kf8 50.Re1 Rc4
51.c3 Bc8 52.exf7 Kxf7 53.Re3 f4 54.Rf3 Ke7 55.Ne2 Kd6 56.Rxf4 Rxf4+ 57.Nxf4 Bf5
58.Kg3 Ke5 59.Kf3 Be4+ 60.Ke3 h4 61.c4 Bb1 62.Nd3+ Kf5 63.c5 Ba2 64.c6 Be6
65.Nc5 Bc8 66.Nxa4 Kxg5 67.Nb6 Bxh3 68.a4 Bf1 69.c7 Ba6 70.c8=Q Bxc8 71.Nxc8 Kg4
72.a5 h3 73.Kf2  1-0

[Event "12th Goodricke Open"]
[Site "Calcutta IND"]
[Date "2001.02.10"]
[Round "5"]
[White "Singh,G"]
[Black "Sandipan,C"]
[Result "0-1"]
[WhiteElo "2284"]
[BlackElo "2431"]

1.e4 c5 2.Nf3 e6 3.d4 cxd4 4.Nxd4 Nc6 5.Nc3 Qc7 6.f4 a6 7.Nxc6 Qxc6 8.Bd3 b5
9.Qe2 Bb7 10.Bd2 Bc5 11.O-O-O Ne7 12.a3 O-O-O 13.Kb1 g6 14.h4 h5 15.Rh3 Kb8
16.Qe1 f5 17.Be3 Bxe3 18.Rxe3 Rhe8 19.Bf1 fxe4 20.Rxe4 Qc7 21.Re5 Rf8 22.g3 Rf5
23.Re3 Rc8 24.Qd2 Qb6 25.Qd6+ Qxd6 26.Rxd6 Bc6 27.Rd2 Rff8 28.Ne2 Nf5 29.Red3 e5
30.fxe5 Nxh4 31.gxh4 Rxf1+ 32.Ka2 Re8 33.Nd4 Bd5+ 34.b3 Rxe5 35.Nxb5 Be4
36.Rxd7 axb5 37.Re2 Bc6 38.Rd8+ Kc7 39.Rxe5 Kxd8 40.Rg5  0-1

[Event "TCh-FIN 00-01"]
[Site "FIN"]
[Date "2001.02.10"]
[Round "7"]
[White "Saastamoinen,A"]
[Black "Issakainen,A"]
[Result "1/2-1/2"]
[WhiteElo "2183"]
[BlackElo "2216"]

1.e4 c5 2.Nf3 e6 3.d4 cxd4 4.Nxd4 Nc6 5.Nc3 Qc7 6.Be2 a6 7.O-O Nf6 8.Kh1 Nxd4
9.Qxd4 Bc5 10.Qd3 b5 11.f4 Bb7 12.Bf3 h5 13.e5 Ng4 14.Bxb7 Qxb7 15.Ne4 Be7
16.Qf3 Rb8 17.Bd2 Nh6 18.a3 Nf5 19.Bb4 h4 20.Rad1 Qb6 21.Rd3 a5 22.Bd6 Bxd6
23.Nxd6+ Nxd6 24.Rxd6 Qb7 25.Qg4 g6 26.h3 Qe4 27.Qd1 Rb7 28.Qd2 Rc7 29.Rf2 O-O
30.Rd4 Qa8 31.Rxd7 Qa7 32.Rd8 Rxd8 33.Qxd8+ Kg7 34.Rd2 Re7 35.c3 Qe3 36.Rd1 Qe2
37.Kh2 a4 38.Rg1 Rb7 39.Qxh4 Rd7 40.Qe1 Qxb2 41.f5 gxf5 42.Qg3+ Kf8 43.Qh4 Rd5
44.Qh8+ Ke7 45.Qf6+ Ke8 46.Qh8+ Kd7 47.Qf8 Qxc3 48.Qxf7+ Kd8 49.Qxe6 Qxe5+
50.Qxe5 Rxe5 51.Rf1 Kd7 52.h4 Ke6 53.Rb1 f4 54.Rb4 Kf5 55.h5 Kg4 56.h6 Rh5+
57.Kg1 Kg3  1/2-1/2

[Event "TCh-FIN 00-01"]
[Site "FIN"]
[Date "2001.02.10"]
[Round "7"]
[White "Paakkonen,T"]
[Black "Linnanen,L"]
[Result "1-0"]
[WhiteElo "2225"]
[BlackElo "2189"]

1.Nc3 c5 2.e4 Nc6 3.Nge2 e6 4.d4 cxd4 5.Nxd4 d6 6.Be3 Nf6 7.Be2 Be7 8.O-O O-O
9.f4 a6 10.Qe1 Qc7 11.Qg3 e5 12.fxe5 Nxe5 13.Nf5 Bxf5 14.Rxf5 Kh8 15.Raf1 Rae8
16.Kh1 b5 17.Bd4 b4 18.Rxe5 dxe5 19.Bxe5 Qc6 20.Nd5 Qxc2 21.Bd3 Qd2 22.Nxe7 Rxe7
23.Bd6 Ree8 24.e5 Nd7 25.Bxf8 Rxf8 26.Qh3  1-0

[Event "ch-NED semi-finals"]
[Site "Leeuwarder NED"]
[Date "2001.02.10"]
[Round "1.1"]
[White "Dambacher,M"]
[Black "Van der Werf,M"]
[Result "0-1"]
[WhiteElo "2250"]
[BlackElo "2445"]

1.e4 c5 2.Nf3 e6 3.d4 cxd4 4.Nxd4 Nc6 5.Nc3 Qc7 6.f4 a6 7.Nxc6 Qxc6 8.Bd3 b5
9.Qe2 Bb7 10.O-O Nf6 11.a3 b4 12.axb4 Bxb4 13.e5 Bxc3 14.bxc3 Ne4 15.c4 f5
16.Ba3 h5 17.Rab1 h4 18.Rb3 Nc5 19.Bxc5 Qxc5+ 20.Qf2 Qxf2+ 21.Kxf2 Bc6 22.Ra1 Ke7
23.Rba3 g5 24.Rxa6 Rxa6 25.Rxa6 gxf4 26.Bf1 Be4 27.Ra7 Rb8 28.Bd3 Rb2 29.Kf1 Rb1+
30.Kf2 Rb2 31.Kf1 f3 32.gxf3 Bxf3 33.Kf2 Bd1 34.c5 Bxc2 35.Ke2 Ba4+ 36.Ke1 Bc6
37.h3 Rh2 38.Bf1 Rc2 39.Ra5 Be4 40.Kd1 Rb2 41.Ke1 Rb4 42.Kd2 Bc6 43.Bd3 Rd4  0-1

[Event "9th Aosta Valley"]
[Site "Saint Vincent ITA"]
[Date "2001.02.10"]
[Round "8"]
[White "Costantini,R"]
[Black "Borgo,G"]
[Result "1-0"]
[WhiteElo "2273"]
[BlackElo "2403"]

1.e4 c5 2.Nf3 e6 3.d4 cxd4 4.Nxd4 Nc6 5.Nc3 a6 6.f4 Nge7 7.Be2 Nxd4 8.Qxd4 Nc6
9.Qf2 b5 10.Be3 Rb8 11.O-O Be7 12.Rad1 O-O 13.a4 b4 14.Nb1 Qa5 15.Nd2 Qxa4
16.Nb3 Qa2 17.Bd3 a5 18.Ra1 Qxb2 19.e5 Nxe5 20.fxe5 a4 21.Bd4 Qxa1 22.Nxa1  1-0

[Event "TCh-SVK"]
[Site "SVK"]
[Date "2001.02.10"]
[Round "8"]
[White "Svoboda,S"]
[Black "Bakalar,J"]
[Result "1-0"]
[WhiteElo "2172"]
[BlackElo "2071"]

1.e4 c5 2.Nf3 e6 3.d4 cxd4 4.Nxd4 Nc6 5.Nc3 Qc7 6.Be3 a6 7.Be2 Nf6 8.O-O b5
9.f4 Nxd4 10.Qxd4 Bb7 11.Bf3 b4 12.Na4 d5 13.e5 Nd7 14.f5 Qxe5 15.fxe6 fxe6
16.Rae1 Bd6 17.Qh4 O-O 18.Bg5 Qf5 19.Be4 dxe4 20.Rxf5 exf5 21.Be7 Bxe7 22.Qxe7 Rf7
23.Qxb4 Bc6 24.Nc3 Re8 25.Qc4 Ne5 26.Qxa6 g5 27.b4 Bb7 28.Qb5 Rc7 29.a4 Re6
30.a5 Bc6 31.Qb8+ Kf7 32.b5 Rb7 33.Qc8 Re8 34.Qxf5+  1-0

[Event "It"]
[Site "Montecatini Terme ITA"]
[Date "2001.02.13"]
[Round "2"]
[White "Mrdja,M"]
[Black "Acher,M"]
[Result "1-0"]
[WhiteElo "2435"]
[BlackElo "2264"]

1.e4 c5 2.Nf3 e6 3.d4 cxd4 4.Nxd4 Nc6 5.Nc3 Qc7 6.f3 a6 7.Be3 Bb4 8.Ne2 Nf6
9.a3 Be7 10.f4 b5 11.Ng3 d6 12.Bd3 h5 13.h3 Bb7 14.O-O h4 15.Nge2 b4 16.axb4 Nxb4
17.Qe1 d5 18.e5 Ne4 19.Rc1 Rd8 20.Bxe4 dxe4 21.Qf2 Rd7 22.f5 exf5 23.Qxf5 Bc5
24.Bxc5 Qxc5+ 25.Rf2 Qc6 26.Rf4 g6 27.Qg4 Bc8 28.e6 Qxe6 29.Rxe4  1-0

[Event "12th Goodricke Open"]
[Site "Calcutta IND"]
[Date "2001.02.14"]
[Round "9"]
[White "Reinderman,D"]
[Black "Rahman,Zia"]
[Result "1/2-1/2"]
[WhiteElo "2539"]
[BlackElo "2447"]

1.e4 c5 2.Nf3 e6 3.d4 cxd4 4.Nxd4 Nc6 5.Nc3 a6 6.Nxc6 bxc6 7.Bd3 d5 8.O-O Nf6
9.Re1 Bb7 10.e5 Nd7 11.Na4 Qc7 12.Qe2 c5 13.c4 Qc6 14.Nc3 d4 15.Be4 Qc7 16.Bxb7 Qxb7
17.Na4 Be7 18.b3 O-O 19.Qg4 Kh8 20.Bf4 Rae8 21.Rad1 Rg8 22.Bg3 Qc6 23.h4 Bd8
24.Qf4  1/2-1/2

[Event "ch-ROM"]
[Site "Baile Tusnad ROM"]
[Date "2001.02.15"]
[Round "10"]
[White "Manea,A"]
[Black "Cosma,I"]
[Result "0-1"]
[WhiteElo "2301"]
[BlackElo "2468"]

1.e4 c5 2.Nc3 Nc6 3.Nge2 e6 4.d4 cxd4 5.Nxd4 Qc7 6.g3 a6 7.Bg2 Nf6 8.O-O Bc5
9.Nxc6 dxc6 10.Na4 Ba7 11.c4 Nd7 12.Qg4 O-O 13.Kh1 Ne5 14.Qe2 b5 15.cxb5 axb5
16.f4 bxa4 17.fxe5 Bd4 18.Qc2 Ba6 19.Rf3 Bb5 20.Rb1 Rfd8 21.Bf4 Bxe5 22.Qc3 Bxf4
23.gxf4 Qd6 24.Rc1 Qd2 25.h3 g6 26.Kh2 Rd4 27.Rc2 Qxc3 28.Rfxc3 Rad8 29.Kg3 Bd3
30.Rd2 Bxe4 31.Rxd4 Rxd4 32.Bxe4 Rxe4 33.Rxc6 Re3+ 34.Kh4 a3 35.Rc2 axb2
36.Rxb2 Ra3 37.Kg5 Kg7 38.Kg4 h5+ 39.Kh4 Rf3 40.Rb4 Ra3 41.Rb2 Rf3 42.Rb4 f6
43.Re4 e5  0-1

[Event "FSGM February"]
[Site "Budapest HUN"]
[Date "2001.02.16"]
[Round "13"]
[White "Rajlich,V"]
[Black "Medvegy,Z"]
[Result "1/2-1/2"]
[WhiteElo "2364"]
[BlackElo "2444"]

1.e4 c5 2.Nf3 e6 3.d4 cxd4 4.Nxd4 Nc6 5.Nc3 Qc7 6.f4 a6 7.Nxc6 Qxc6 8.Bd3 b5
9.Qe2 Bb7 10.Bd2 Bc5 11.Nd5 O-O-O 12.Nb4 Qb6 13.c3 d5 14.exd5 exd5 15.Qg4+ Kb8
16.Qxg7 Nf6 17.O-O-O Rhg8 18.Qh6 Rxg2 19.Rhe1 Ne4 20.Qxb6 Bxb6 21.Be3 Bc7
22.Re2 Rdg8 23.Rxg2 Rxg2 24.Bxe4 dxe4 25.Rd7 Re2 26.Nc2 Rxh2 27.Rxf7 h5 28.Ba7+ Kxa7
29.Rxc7 h4 30.Rh7 h3 31.Ne3 Rh1+ 32.Kd2 Kb6 33.Rh6+ Ka7 34.f5 Rh2+ 35.Kc1 Rh1+
36.Kd2 Rh2+ 37.Kc1 Rh1+ 38.Kd2 Rh2+ 39.Ke1 Rh1+ 40.Kf2 Rh2+ 41.Ke1  1/2-1/2

[Event "12th Goodricke Open"]
[Site "Calcutta IND"]
[Date "2001.02.16"]
[Round "11"]
[White "Girinath,P"]
[Black "Satyapragyan,S"]
[Result "1/2-1/2"]
[WhiteElo "2319"]
[BlackElo "2376"]

1.Nf3 c5 2.e4 e6 3.d4 cxd4 4.Nxd4 Nc6 5.Nc3 Qc7 6.Be3 a6 7.Be2 Nf6 8.f4 Bb4
9.Bf3 d5 10.exd5 Nxd5 11.Bxd5  1/2-1/2

[Event "It"]
[Site "Montecatini Terme ITA"]
[Date "2001.02.16"]
[Round "5"]
[White "Drei,A"]
[Black "Acher,M"]
[Result "1-0"]
[WhiteElo "2305"]
[BlackElo "2264"]

1.e4 c5 2.Nf3 e6 3.d4 cxd4 4.Nxd4 Nc6 5.Nc3 Qc7 6.g3 a6 7.Bg2 d6 8.O-O Bd7
9.Re1 Be7 10.Kh1 Nf6 11.Nb3 b5 12.f4 b4 13.Nd5 exd5 14.exd5 Na7 15.Nd4 Nb5
16.Nxb5 Bxb5 17.Bd2 a5 18.g4 h5 19.g5 Ng4 20.Qf3 Qxc2 21.Be3 Nxe3 22.Qxe3 Qc7
23.Rac1 Qd8 24.f5 Kf8 25.h4 Bd7 26.Rc2 Bxf5 27.Rce2 Bxg5 28.hxg5 Bg4 29.Rf2 Qd7
30.Ref1 Re8 31.Qb6 Re7 32.Qxa5 g6 33.Qxb4 Bf5 34.Re1 Rxe1+ 35.Qxe1 Qa4 36.b4 Kg7
37.Qc3+ Kh7 38.Qf6 Qe8 39.Re2 Qf8 40.Re7 Kg8 41.b5 Rh7 42.Qxd6 h4 43.b6 Qc8
44.Qc6  1-0

[Event "Bundesliga 2000-1"]
[Site "Porz GER"]
[Date "2001.02.17"]
[Round "8"]
[White "Holzke,F"]
[Black "Hansen,Cu"]
[Result "1/2-1/2"]
[WhiteElo "2470"]
[BlackElo "2613"]

1.e4 c5 2.Nf3 e6 3.d4 cxd4 4.Nxd4 Nc6 5.Nc3 Qc7 6.g3 d6 7.Bg2 Nf6 8.O-O Nxd4
9.Qxd4 Bd7 10.a4 a6 11.a5 Be7 12.Be3 Rc8 13.Rfd1 O-O 14.Qb4 Bc6 15.Bb6 Qb8
16.e5 Ne8 17.Bh3 Bd8 18.Be3 Be7 19.Bb6 Bd8 20.Be3 Be7  1/2-1/2

[Event "SuperGM"]
[Site "Linares ESP"]
[Date "2001.02.23"]
[Round "1"]
[White "Grischuk,A"]
[Black "Polgar,Ju"]
[Result "1/2-1/2"]
[WhiteElo "2663"]
[BlackElo "2676"]

1.e4 c5 2.Nf3 e6 3.d4 cxd4 4.Nxd4 Nc6 5.Nc3 Qc7 6.Be2 a6 7.O-O Nf6 8.Kh1 Nxd4
9.Qxd4 Bc5 10.Qd3 b5 11.f4 Bb7 12.Bf3 O-O 13.e5 Ne8 14.a4 b4 15.Bxb7 Qxb7
16.Ne4 Be7 17.Be3 Qc6 18.Ng5 g6 19.Rad1 d6 20.Bd4 dxe5 21.Bxe5 Nf6 22.Qh3 h5
23.Nf3 Ng4 24.Nd4 Qc5 25.Qg3 Rad8 26.c3 bxc3 27.bxc3 Rd5 28.Rde1 Rc8 29.Rf3 Bf8
30.h3 Nxe5 31.fxe5 Bg7 32.Rfe3 Qa5 33.Nxe6 fxe6 34.Qxg6 Qb6 35.Rf3 Rf8 36.Rxf8+ Kxf8
37.Rf1+ Kg8 38.Qe8+ Kh7 39.Qxh5+ Kg8 40.Qf7+ Kh7 41.Qh5+ Kg8 42.Rf4 Qb1+
43.Kh2 Bxe5 44.Qf7+  1/2-1/2

[Event "It Blind"]
[Site "Linares ESP"]
[Date "2001.02.23"]
[Round "1"]
[White "Dukaczewski,P"]
[Black "Zoltek,T"]
[Result "1-0"]
[WhiteElo "2337"]
[BlackElo "2304"]

1.e4 c5 2.Nc3 Nc6 3.Nf3 e6 4.d4 cxd4 5.Nxd4 Bb4 6.Nxc6 dxc6 7.Qxd8+ Kxd8
8.e5 f6 9.Bf4 Ke8 10.O-O-O Bxc3 11.bxc3 fxe5 12.Bxe5 Nf6 13.Be2 Rf8 14.Rd4 Rf7
15.Rhd1 Rd7 16.Rh4 Rxd1+ 17.Kxd1 Ke7 18.Bxf6+ Kxf6 19.Rxh7 Bd7 20.f4 Rd8
21.Bd3 c5 22.Ke2 Bc6 23.g4 b5 24.Ke3 Bd5 25.a3 c4 26.Be2 Kg6 27.Rh5 Kf7 28.h4 Kg8
29.Re5 Kf7 30.h5 Rd6 31.g5 Ra6 32.f5 Rxa3 33.Kd4 Ra1 34.Bg4 Rg1 35.fxe6+ Ke7
36.Kxd5 Rxg4 37.Rf5 Ke8 38.Kd6 Rg2 39.Rxb5 Rd2+ 40.Rd5 Rxc2 41.h6 gxh6 42.gxh6 Rh2
43.h7  1-0

[Event "Open"]
[Site "Cappelle la Grande FRA"]
[Date "2001.02.24"]
[Round "1"]
[White "Kuzmin,G"]
[Black "Gajewski,G"]
[Result "1-0"]
[WhiteElo "2556"]
[BlackElo "2344"]

1.e4 c5 2.Ne2 Nc6 3.Nbc3 e6 4.d4 cxd4 5.Nxd4 Qc7 6.Be2 a6 7.O-O Nf6 8.Bg5 Be7
9.Nxc6 bxc6 10.Bd3 d5 11.Qe2 O-O 12.e5 Ne8 13.Bxe7 Qxe7 14.Na4 Qa7 15.Qe3 Qxe3
16.fxe3 Nc7 17.Nc5 a5 18.Rf4 Ra7 19.Ra4 Ra8 20.a3 Ba6 21.Rxa5 Bxd3 22.Rxa8 Rxa8
23.cxd3 f6 24.Rc1 Rc8 25.Nd7 Ne8 26.b4 Kf7 27.a4 Ke7 28.Nb6 Rc7 29.d4 fxe5
30.dxe5  1-0

[Event "Czech Extra League 2000-1"]
[Site "CZE"]
[Date "2001.02.24"]
[Round "6"]
[White "Jirovsky,Pe"]
[Black "Sluka,R"]
[Result "1-0"]
[WhiteElo "2371"]
[BlackElo "2358"]

1.e4 c5 2.Nf3 Nc6 3.d4 cxd4 4.Nxd4 e6 5.Nc3 a6 6.Be2 Nge7 7.Be3 Nxd4 8.Qxd4 b5
9.O-O Nc6 10.Qd2 Be7 11.f4 O-O 12.Rad1 Na5 13.Kh1 Qc7 14.f5 b4 15.Na4 Rb8
16.f6 Bxf6 17.Rxf6 gxf6 18.Bc5 Bb7 19.Bd6 Qd8 20.Nc5 Bc6 21.Qh6 Rb5 22.Bxb5 Bxb5
23.Nxd7 Bxd7 24.Rd3  1-0

[Event "Open"]
[Site "Cappelle la Grande FRA"]
[Date "2001.02.25"]
[Round "3"]
[White "Saltaev,M"]
[Black "Marzolo,C"]
[Result "1-0"]
[WhiteElo "2526"]
[BlackElo "2378"]

1.e4 c5 2.Nf3 e6 3.Nc3 Nc6 4.d4 cxd4 5.Nxd4 Qc7 6.Be3 a6 7.Bd3 b5 8.Nxc6 Qxc6
9.O-O Bb7 10.Qe2 Nf6 11.f3 Bc5 12.Bxc5 Qxc5+ 13.Qf2 Qc7 14.Rfe1 d6 15.a4 bxa4
16.Rxa4 O-O 17.Rea1 Rfb8 18.Bxa6 Bxa6 19.Rxa6 Rxa6 20.Rxa6 Rxb2 21.Ra8+ Rb8
22.Qa7 Qxa7+ 23.Rxa7 g5 24.Ne2 Rc8 25.c3 Kg7 26.Kf2 Kg6 27.Ke3 Rf8 28.h4 h6
29.g4 Rc8 30.h5+ Kg7 31.Nd4 Kf8 32.Kd3 Ne8 33.Nb5 Rc5 34.Rb7 Rc6 35.c4 Kg7
36.Re7 Kf8 37.Rd7 Rb6 38.Kd4 Rc6 39.Rd8 Ke7 40.Ra8 e5+ 41.Kd3 Kd7 42.Rb8 Rc8
43.Rb7+ Nc7 44.Na7 Ra8 45.Kc3 f6 46.Kb4  1-0

[Event "Open"]
[Site "Cappelle la Grande FRA"]
[Date "2001.02.25"]
[Round "3"]
[White "Fressinet,L"]
[Black "Volokitin,A"]
[Result "1-0"]
[WhiteElo "2581"]
[BlackElo "2469"]

1.e4 c5 2.Nf3 e6 3.d4 cxd4 4.Nxd4 Nc6 5.Nc3 a6 6.Nxc6 bxc6 7.Bd3 d5 8.O-O Nf6
9.Re1 Bb7 10.e5 Nd7 11.Na4 Qc7 12.Qe2 c5 13.b3 Qc6 14.Qg4 h5 15.Qf3 c4 16.Bf1 Be7
17.Bb2 h4 18.Bd4 O-O 19.Qg4 Rae8 20.Nc3 f6 21.exf6 Bxf6 22.bxc4 dxc4 23.Rad1 Bxd4
24.Qxd4 Nb6 25.Qxh4 Nd5 26.Qg3 Nxc3 27.Qxc3 Rxf2 28.Kxf2 Rf8+ 29.Ke2 Qe4+
30.Kd2 Qf4+ 31.Qe3 c3+ 32.Kxc3  1-0

[Event "Open"]
[Site "Cappelle la Grande FRA"]
[Date "2001.02.26"]
[Round "4"]
[White "Landa,K"]
[Black "Poluljahov,A"]
[Result "1/2-1/2"]
[WhiteElo "2610"]
[BlackElo "2525"]

1.e4 c5 2.Nf3 e6 3.d4 cxd4 4.Nxd4 Nc6 5.Nc3 Qc7 6.Be2 a6 7.O-O Nf6 8.Be3 Be7
9.f4 d6 10.Qe1 O-O 11.Qg3 Bd7 12.a3 Nxd4 13.Bxd4 Bc6 14.Bd3 e5 15.fxe5 Nh5
16.Qe3 dxe5 17.Bxe5 Qxe5 18.Rf5 Qd6 19.Rxh5 g6 20.Rh3 Bd7 21.Rf3 Bf6 22.Kh1  1/2-1/2

[Event "IV Open"]
[Site "Malaga ESP"]
[Date "2001.03.01"]
[Round "7"]
[White "Korneev,O"]
[Black "Cramling,P"]
[Result "1/2-1/2"]
[WhiteElo "2600"]
[BlackElo "2492"]

1.e4 c5 2.Nf3 e6 3.d4 cxd4 4.Nxd4 Nc6 5.Nc3 Qc7 6.Be3 a6 7.Bd3 b5 8.O-O Bb7
9.Nxc6 Bxc6 10.Qe2 Nf6 11.Bd4 Be7 12.e5 Nd5 13.Nxd5 Bxd5 14.a4 bxa4 15.Rxa4 a5
16.Rfa1 O-O 17.Be4 Bxe4 18.Qxe4 Rac8 19.c3 Qb8 20.Qe2 Bd8 21.b4 axb4 22.Rxb4 Qc7
23.Ra7 Qc6 24.Ra6 Qc7 25.h3 Be7 26.Ra7 Qc6 27.Rb6 Qd5 28.Rb5 Qc6 29.Rb6 Qd5
30.Rb5 Qc6 31.Rb6 Qd5 32.Rbb7 Bc5 33.Rxd7 Qc6 34.Rab7 Bxd4 35.cxd4 Rcd8 36.Rdc7 Qa4
37.Qf3 Qxd4 38.Rxf7  1/2-1/2

[Event "Open"]
[Site "Cappelle la Grande FRA"]
[Date "2001.03.03"]
[Round "9"]
[White "Fressinet,L"]
[Black "Savchenko,S"]
[Result "1/2-1/2"]
[WhiteElo "2581"]
[BlackElo "2519"]

1.e4 c5 2.Nf3 e6 3.d4 cxd4 4.Nxd4 Nc6 5.Nc3 Qc7 6.Ndb5 Qb8 7.Be3 a6 8.Bb6 axb5
9.Nxb5 Bb4+ 10.c3 Ba5 11.Nc7+ Qxc7 12.Bxc7 Bxc7 13.Qg4 Kf8  1/2-1/2

[Event "Victor Ciocaltea Mem"]
[Site "Bucharest ROM"]
[Date "2001.03.06"]
[Round "3"]
[White "Nevednichy,V"]
[Black "Brodsky,M"]
[Result "1-0"]
[WhiteElo "2563"]
[BlackElo "2527"]

1.e4 c5 2.Nf3 e6 3.d4 cxd4 4.Nxd4 Nc6 5.Nc3 Qc7 6.g3 a6 7.Bg2 d6 8.O-O Bd7
9.a4 Nf6 10.Nb3 Be7 11.a5 Ne5 12.f4 Nc4 13.Qe2 O-O 14.g4 Rfc8 15.g5 Ne8 16.Kh1 Rab8
17.f5 Ne5 18.Nd4 Qc4 19.Qd1 Nc7 20.Nce2 Nb5 21.b3 Qc7 22.c4 Nxd4 23.Nxd4 Bf8
24.Be3 Re8 25.f6 g6 26.Ne2 Bc6 27.Bb6 Qc8 28.Nc3 Nd7 29.Ba7 Ra8 30.Bg1 Rb8
31.h4 h5 32.gxh6 Qd8 33.Be3 Kh7 34.h5 Ne5 35.Ra2 Qd7 36.Bh3 Qc7 37.Bb6 Qd7
38.Be3 Qc7 39.Bb6 Qd7 40.Rd2 g5 41.Rg1 Bxh6 42.Rxd6 Qc8 43.Qe2 Nd7 44.Bg2 Bf8
45.Rxd7 Qxd7 46.Rd1 Qc8 47.e5 Bh6 48.Rd6 Bxg2+ 49.Kxg2 g4 50.Kg3 Rg8 51.Ne4 Kh8
52.Qd3 Qf8 53.Be3 Rc8 54.Rd7 Rd8 55.Rxd8 Qxd8 56.Nd6  1-0